UBT Library

The handbook of digestive diseases / (Record no. 42860)

000 -LEADER
fixed length control field 00771cam a22002654a 4500
001 - CONTROL NUMBER
control field 13502219
005 - DATE AND TIME OF LATEST TRANSACTION
control field 20180220032111.0
008 - FIXED-LENGTH DATA ELEMENTS--GENERAL INFORMATION
fixed length control field 040224s2004 nju bf 001 0 eng
010 ## - LIBRARY OF CONGRESS CONTROL NUMBER
LC control number 2004004328
020 ## - INTERNATIONAL STANDARD BOOK NUMBER
International Standard Book Number 1556426658 (pbk.)
035 ## - SYSTEM CONTROL NUMBER
System control number (DNLM)101207668
040 ## - CATALOGING SOURCE
Original cataloging agency DNLM/DLC
Transcribing agency DLC
Modifying agency DLC
041 ## - LANGUAGE CODE
Language code of text/sound track or separate title eng
042 ## - AUTHENTICATION CODE
Authentication code pcc
060 10 - NATIONAL LIBRARY OF MEDICINE CALL NUMBER
Classification number 616.3
Item number M666h 2004
080 ## - UNIVERSAL DECIMAL CLASSIFICATION NUMBER
Universal Decimal Classification number 616.3
082 00 - DEWEY DECIMAL CLASSIFICATION NUMBER
Classification number 616.3 MIN
Edition number 22
100 1# - Rafti
Rafti 4
101 ## - Shkurtesa
Shkurtesa SHM
245 14 - TITLE STATEMENT
Title The handbook of digestive diseases /
Statement of responsibility, etc Anil Minocha.
504 ## - BIBLIOGRAPHY, ETC. NOTE
Bibliography, etc Includes bibliographical references and index.
906 ## - LOCAL DATA ELEMENT F, LDF (RLIN)
a 7
b cbc
c orignew
d 1
e ecip
f 20
g y-gencatlg
942 ## - ADDED ENTRY ELEMENTS (KOHA)
Source of classification or shelving scheme
Item type Books
Holdings
Withdrawn status Lost status Source of classification or shelving scheme Damaged status Not for loan Collection code Permanent location Current location Shelving location Date acquired Total Checkouts Full call number Barcode Date last seen Price effective from Koha item type
          Koleksioni i përgjithshem UBT - Lipjan UBT - Lipjan Koleksioni i përgjithshem 02/20/2018   616.3 MIN 002-2998877 02/20/2018 02/20/2018 Books
UBT Library © 2015-2024. All rights reserved University Education for Business and Technology